[Event "TCh-AUT 2nd Bundesliga Ost 2008-9"]
[Site "Austria AUT"]
[Date "2008.10.05"]
[Round "3"]
[White "Lipp,A"]
[Black "Kuthan,A"]
[Result "0-1"]
[WhiteElo "2112"]
[BlackElo "2201"]

1.c4 Nf6 2.Nc3 g6 3.e4 d6 4.d4 Bg7 5.Nf3 O-O 6.Be2 e5 7.O-O Na6 8.Re1 c6
9.Rb1 exd4 10.Nxd4 Ng4 11.h3 Qb6 12.Bxg4 Bxg4 13.hxg4 Qxd4 14.Qe2 Nc5 15.Rd1 Qe5
16.g3 Qe6 17.b4 Nd7 18.Rb3 Ne5 19.c5 dxc5 20.bxc5 Nxg4 21.Na4 Rad8 22.Rxd8 Rxd8
23.Rxb7 Bd4 24.Rxa7 Nxf2 25.Be3 Bxe3 26.Qxe3 Qxa2 27.Qxf2 Rd1+ 28.Kg2 Rd2
29.Qxd2 Qxd2+ 30.Kf3 h5 31.Ra8+ Kg7 32.e5 g5 33.Ra7 Qd3+ 34.Kf2 g4 35.Re7 Qc2+
36.Ke3 Qxa4 37.e6 Qb3+ 38.Ke4 Qd5+  0-1

[Event "TCh-AUT 2nd Bundesliga Ost 2008-9"]
[Site "Austria AUT"]
[Date "2008.10.05"]
[Round "3"]
[White "Ganaus,H"]
[Black "Chytilek,R"]
[Result "1/2-1/2"]
[WhiteElo "2275"]
[BlackElo "2394"]

1.d4 Nf6 2.c4 g6 3.Nc3 Bg7 4.e4 d6 5.Nf3 O-O 6.Be2 e5 7.Be3 Na6 8.O-O Ng4
9.Bg5 Qe8 10.Re1 f6 11.Bc1  1/2-1/2

[Event "1st WMSG Rapid Ind w"]
[Site "Beijing CHN"]
[Date "2008.10.05"]
[Round "1"]
[White "Golubenko,Valen"]
[Black "Dembo,Y"]
[Result "1/2-1/2"]
[WhiteElo "2273"]
[BlackElo "2446"]

1.d4 Nf6 2.c4 g6 3.Nf3 Bg7 4.Nc3 O-O 5.e4 d6 6.Be2 e5 7.d5 a5 8.O-O Na6 9.Bg5 h6
10.Bh4 Bd7 11.Ne1 Qe8 12.Bxf6 Bxf6 13.Bg4 Bg7 14.Bxd7 Qxd7 15.a3 b6 16.Rb1 f5
17.b4 fxe4 18.Nxe4 Qf5 19.f3 h5 20.Nd3 Bh6 21.Qe2 h4 22.h3 a4 23.Qe1 Qh5
24.Rb2 Rf7 25.Ndf2 Bf4 26.Ng4 Kg7 27.Qd1 Qh8 28.Re1 Qe8 29.Ree2 Qd7 30.Rbc2 Rb8
31.Ngf2 Bh6 32.Nd3 Re8 33.Qe1 Qd8 34.Nc3 Bf4 35.Nxa4 Bg3 36.Qa1 Qf6 37.Nf2 Bxf2+
38.Rxf2 Ra8 39.Qc3 Nb8 40.Nb2 Nd7 41.Nd1 Qf4 42.Rfe2 Nf6 43.Nf2 Kg8 44.Ne4 Nh5
45.c5 bxc5 46.bxc5 dxc5 47.Qxc5 Rb8 48.Rb2 Rxb2 49.Rxb2 Ng3 50.Rb4 Qh6 51.Qc2 Qe3+
52.Kh2 Nf1+ 53.Kh1 Qe1 54.Rb1 Ng3+ 55.Kh2 Qe3 56.Qc1 Qxc1 57.Rxc1 Nxe4 58.fxe4 Kf8
59.Rc6 g5 60.Rg6 Rf4 61.Rxg5 Rxe4 62.Rg4 Re3 63.Rxh4 Rxa3 64.Re4 Ra5 65.Rxe5 c6
66.Kg3 cxd5 67.Kf4 Kf7 68.g4 Ra3 69.h4 d4 70.Rd5 Rh3 71.h5 d3 72.Kg5 Ke6
73.Rd8 Ke5 74.Kg6 Kf4 75.g5 Rg3 76.Rf8+ Ke3 77.Re8+ Kf4 78.Rf8+ Ke3 79.h6 d2
80.Rd8 Kf4 81.Rd4+ Ke3 82.Rd5 Kf4 83.Rd4+ Ke3 84.h7 Kxd4 85.h8=Q+ Kd3 86.Qd8+ Ke2
87.Qe8+ Re3 88.Qb5+ Ke1 89.Qb6 Ke2 90.Qb5+ Ke1 91.Qc5 Ke2 92.Qc4+ Ke1 93.Qb4 Ke2
94.Qb2 Ke1 95.Qd4 Ke2 96.Qg4+ Ke1  1/2-1/2

[Event "1st WMSG Rapid Ind w"]
[Site "Beijing CHN"]
[Date "2008.10.05"]
[Round "3"]
[White "Hoang Thi Bao Tram"]
[Black "Dembo,Y"]
[Result "0-1"]
[WhiteElo "2250"]
[BlackElo "2446"]

1.d4 Nf6 2.c4 g6 3.Nc3 Bg7 4.e4 d6 5.Nf3 O-O 6.Be2 e5 7.Be3 Ng4 8.Bg5 f6
9.Bc1 f5 10.exf5 exd4 11.Bg5 Qe8 12.Nxd4 gxf5 13.h3 Nf6 14.O-O Qg6 15.Bf4 a6
16.Bf3 Kh8 17.Re1 Qf7 18.Qd3 Nbd7 19.Nxf5 Nc5 20.Qc2 Bxf5 21.Qxf5 Qxc4 22.Bg3 Rae8
23.Rxe8 Rxe8 24.Rd1 b6 25.Kh2 Qe6 26.Qc2 a5 27.Nb5 Qd7 28.Nd4 Nfe4 29.Bh4 Qf7
30.Ne2 Qg6 31.Bg4 Be5+ 32.f4 Bg7 33.Qc4 Qh6 34.Bg3 Bxb2 35.Rd5 Bf6 36.Rh5 Qg7
37.Qd5 h6 38.Bh4 Bxh4 39.Rxh4 Nf6 40.Qf5 Rf8 41.Qc2 Nfe4 42.Qc1 Nd3 43.Qe3 Ndf2
44.Bf3 d5 45.Rh5 c6 46.Qxb6 Qf6 47.Qe3 Kh7 48.Re5 Rd8 49.Qa7+ Kh8 50.Re7 Qg6
51.Qc7 Rf8 52.Qe5+ Qf6 53.Qh5 Qxe7 54.Qxh6+ Kg8 55.Nd4 Qf6 56.Qh5 Qxd4 57.Qg6+ Qg7
58.Qe6+ Kh8 59.g4 Qf6  0-1

[Event "ch-Commonwealth"]
[Site "Nagpur IND"]
[Date "2008.10.05"]
[Round "10"]
[White "Karavade,E"]
[Black "Girinath,P"]
[Result "0-1"]
[WhiteElo "2297"]
[BlackElo "2423"]

1.d4 Nf6 2.c4 g6 3.Nc3 Bg7 4.e4 d6 5.Nf3 O-O 6.Be2 e5 7.Be3 c6 8.O-O exd4
9.Nxd4 Re8 10.f3 d5 11.cxd5 cxd5 12.Nb3 dxe4 13.Qxd8 Rxd8 14.fxe4 Re8 15.Bc4 Nbd7
16.Rad1 Ne5 17.Bd5 Bg4 18.Rd4 Nxd5 19.Nxd5 Nc6 20.Rc4 Be2 21.Rfc1 Bxc4 22.Rxc4 Ne5
23.Rb4 Nd3 24.Rxb7 Rxe4 25.g3 a5 26.a4 Rd8 27.Bg5 Rde8 28.Nf6+ Bxf6 29.Bxf6 Re2
30.Nxa5 Nf2 31.Nc6 Nh3+ 32.Kh1 Nf2+ 33.Kg1 Ng4 34.Bc3 h5 35.a5 Rc2 36.Ne7+ Kf8
37.Bb4 Kg7 38.Bc3+ Kh6 39.Rd7 Re2 40.Nc6 Rxh2 41.Rxf7 Ree2 42.Rf3 Reg2+ 43.Kf1 Rc2
44.Kg1 Rhg2+ 45.Kh1 Rge2 46.Kg1 Nh2  0-1

[Event "Chigorin Memorial"]
[Site "St Petersburg RUS"]
[Date "2008.10.05"]
[Round "2"]
[White "Lupik,M"]
[Black "Platonova,L"]
[Result "1/2-1/2"]
[WhiteElo "2166"]
[BlackElo "1919"]

1.d4 Nf6 2.c4 g6 3.Nc3 Bg7 4.e4 d6 5.Be2 O-O 6.Be3 e5 7.Nf3 Ng4 8.Bg5 f6
9.Bh4 Nc6 10.d5 Ne7 11.b4 f5 12.Nd2 Nf6 13.f3 h6 14.c5 g5 15.Bf2 Ng6 16.Nc4 Nf4
17.O-O a6 18.a4 g4 19.cxd6 cxd6 20.Bb6 Qe7 21.fxg4 fxe4 22.h3 h5 23.g5 Nh7
24.h4 Nxg5 25.hxg5 Qxg5 26.Ne3 Nh3+ 27.Kh2 Nf2 28.Rxf2 Qh4+ 29.Kg1 Qxf2+  1/2-1/2

[Event "Chigorin Memorial"]
[Site "St Petersburg RUS"]
[Date "2008.10.05"]
[Round "3"]
[White "Chernov,Vl3"]
[Black "Fedoseev,S"]
[Result "1/2-1/2"]
[WhiteElo "2040"]
[BlackElo "2193"]

1.c4 Nf6 2.Nc3 g6 3.e4 d6 4.d4 Bg7 5.Be2 O-O 6.Nf3 Na6 7.O-O e5 8.dxe5 dxe5
9.Qc2 Qe8 10.h3 Nh5 11.Rd1 Nf4 12.Bf1 c6 13.Be3 Qe7 14.Rab1 f5 15.a3 Nc5
16.b4 Na6 17.c5 Be6 18.Rd6 Nc7 19.Nd2 Kh8 20.Nc4 Qf7 21.Na5 Ne8 22.Rdd1 a6
23.f3 Bh6 24.Bf2 Qe7 25.Nc4 Bxc4 26.Bxc4 Qg5 27.g3 Nxh3+ 28.Kg2 Nxf2 29.Qxf2 Nf6
30.Qe1 fxe4 31.Nxe4 Nxe4 32.Qxe4 Rf4 33.Qe2 Raf8  1/2-1/2

[Event "Chigorin Memorial"]
[Site "St Petersburg RUS"]
[Date "2008.10.05"]
[Round "3"]
[White "Zontakh,A"]
[Black "Pakhomov,E"]
[Result "1-0"]
[WhiteElo "2579"]
[BlackElo "2220"]

1.d4 Nf6 2.c4 g6 3.Nc3 Bg7 4.e4 d6 5.Nf3 O-O 6.Be2 e5 7.Be3 Na6 8.O-O Qe8
9.dxe5 dxe5 10.Nd2 Qe6 11.b4 Nxb4 12.Bc5 Nc6 13.Nd5 Ne8 14.Nb3 Nd4 15.Nxd4 exd4
16.Ne7+ Kh8 17.Nxc8 Rxc8 18.Bxf8 Bxf8 19.Bg4 f5 20.exf5 gxf5 21.Re1 Qf6 22.Bf3 Bb4
23.Rf1 Nd6 24.Rb1 a5 25.a3 Bxa3 26.Bxb7 Rb8 27.Bd5 Bb4 28.Qd3 Re8 29.Bc6 Re7
30.Rfd1 Bc3 31.Rb8+ Kg7 32.Qg3+ Qg6 33.Qh4 Re5 34.Bd5 Nf7 35.Bxf7 Kxf7 36.Qd8 Re7
37.Qf8+ Ke6 38.Rdb1 Qf7 39.Qh8 Kd6 40.Qd8+ Kc5 41.g3 Kxc4 42.Qc8 Qe6 43.Qb7 c6
44.Qb3+ Kc5 45.Qb6+ Kd5 46.Rd8+ Rd7 47.Qb3+ Kd6 48.Qb8+ Kd5 49.Re8 Qd6 50.Qb3+ Kc5
51.Qb6+ Kd5 52.Qb3+ Kc5 53.Rb8 Qc7 54.Qe6 Rd5 55.R8b7 Qe5 56.Qc8 d3 57.R7b6 Qd6
58.R1b5+ Kd4 59.Rxc6 d2 60.Rxd6 d1=Q+ 61.Kg2 Rxd6 62.Qc5+ Ke4 63.Qe3+  1-0

[Event "1st WMSG Rapid Ind w"]
[Site "Beijing CHN"]
[Date "2008.10.07"]
[Round "1.1"]
[White "Zhao Xue"]
[Black "Huang Qian"]
[Result "1-0"]
[WhiteElo "2518"]
[BlackElo "2430"]

1.d4 Nf6 2.c4 g6 3.Nc3 Bg7 4.Nf3 O-O 5.e4 d6 6.Be2 e5 7.Be3 Ng4 8.Bg5 f6
9.Bc1 exd4 10.Nxd4 f5 11.h3 Nh6 12.exf5 Nxf5 13.Nxf5 Rxf5 14.Be3 Nc6 15.Qd2 Rf8
16.h4 Be6 17.h5 Ne5 18.hxg6 hxg6 19.Bh6 Qd7 20.Bxg7 Qxg7 21.b3 Rae8 22.O-O g5
23.f3 Rf4 24.g3 Ref8 25.Kg2 R4f5 26.Rad1 Ng6 27.Ne4 Qe5 28.Qd4 Qxd4 29.Rxd4 Ne5
30.g4 Rf4 31.Rd2 Nxg4 32.Kg3 Ne3 33.Rg1 g4 34.Kh2 Kg7 35.Rd3 Nf5 36.Rxg4+ Rxg4
37.fxg4 Ne7 38.Kg3 Ng6 39.Re3 Bc8 40.Nc3 Ne5 41.Nb5 Rf7 42.Nxa7 Bd7 43.Nb5 Bxb5
44.cxb5 b6 45.a4 Rf8 46.Rc3 Rf7 47.b4 Kf6 48.a5 bxa5 49.bxa5 d5 50.a6 d4
51.a7 dxc3 52.a8=Q c2 53.Qa1 Rd7 54.Qc3  1-0

[Event "1st WMSG Rapid Ind"]
[Site "Beijing CHN"]
[Date "2008.10.07"]
[Round "9"]
[White "Kraai,J"]
[Black "Nolte,R"]
[Result "1/2-1/2"]
[WhiteElo "2502"]
[BlackElo "2489"]

1.Nf3 Nf6 2.c4 g6 3.Nc3 Bg7 4.e4 d6 5.d4 O-O 6.Be2 e5 7.O-O Na6 8.Be3 Ng4
9.Bg5 Qe8 10.dxe5 dxe5 11.h3 h6 12.Bd2 Nf6 13.Be3 Qe7 14.Nd5 Qd8 15.Nxf6+ Qxf6
16.c5 Nb8 17.Qb3 Nc6 18.Rfd1 Rb8 19.Rd2 Be6 20.Qa4 a6 21.Rad1 Qe7 22.Bc4 Rfd8
23.Rxd8+ Rxd8 24.Rxd8+ Nxd8 25.Qb3 Bxc4 26.Qxc4 Qe6 27.Nd2 Qxc4 28.Nxc4 Nc6
29.Kf1 f5 30.f3 Kf7 31.Ke2 Ke6 32.a3 f4 33.Bd2 Nd4+ 34.Kd3 Nb3 35.Bb4 Bf8
36.Na5 Nxa5 37.Bxa5 c6 38.Kc4 Be7 39.Bc7 Bh4 40.b4  1/2-1/2

[Event "58th TCh m 1st Div"]
[Site "Borovets BUL"]
[Date "2008.10.07"]
[Round "7"]
[White "Grigorov,G"]
[Black "Georgiev,Kr"]
[Result "1/2-1/2"]
[WhiteElo "2482"]
[BlackElo "2453"]

1.d4 Nf6 2.Nf3 g6 3.c4 Bg7 4.Nc3 O-O 5.e4 d6 6.Be2 e5 7.dxe5 dxe5 8.Qxd8 Rxd8
9.Bg5 Re8 10.O-O-O Na6 11.Ne1 c6 12.Nc2 Nd7 13.Be3 Bf8 14.Rd2 Bc5 15.Bxc5 Naxc5
16.Rhd1 a5 17.b3 Nb6 18.g3 Kf8 19.Kb2 Ke7 20.h4 h5 21.Ne3 Be6 22.Bf3 Rad8
23.Rxd8 Rxd8 24.Rxd8 Kxd8 25.Be2 Ke7 26.Kc2 Bc8 27.Kd2 Ne6 28.Nc2 Nd7 29.Ke3 Nf6
30.f3 Nd7 31.Bd3 b6  1/2-1/2

[Event "Chigorin Memorial"]
[Site "St Petersburg RUS"]
[Date "2008.10.07"]
[Round "5"]
[White "Zontakh,A"]
[Black "Utkin,Alek"]
[Result "1-0"]
[WhiteElo "2579"]
[BlackElo "2359"]

1.d4 g6 2.c4 Bg7 3.e4 d6 4.Nc3 Nd7 5.Nf3 e5 6.Be2 Ngf6 7.O-O O-O 8.Be3 Qe7
9.Qc2 exd4 10.Nxd4 c6 11.Rad1 Re8 12.f3 a5 13.Rfe1 Nh5 14.Bf1 Be5 15.g3 Nxg3
16.hxg3 Bxg3 17.Re2 Ne5 18.Rg2 Bh4 19.Qe2 h5 20.Bf2 Bf6 21.Nf5 Bxf5 22.exf5 Qd7
23.fxg6 Qf5 24.gxf7+ Kxf7 25.f4 Qxf4 26.Qxh5+ Ke6 27.Qh3+ Ke7 28.Qh7+ Ke6
29.Be2 Rh8 30.Qe4 Qh6 31.Kf1 Rag8 32.Rxg8 Rxg8 33.c5 Rd8 34.cxd6 Qh3+ 35.Qg2 Qf5
36.Ne4 b6 37.Ng3 Qh7 38.Qe4 Qh3+ 39.Ke1 b5 40.Nh5 Bg5 41.Bg3  1-0

[Event "1st WMSG Blitz Pair"]
[Site "Beijing CHN"]
[Date "2008.10.08"]
[Round "1"]
[White "Sachdev,T"]
[Black "Borosova,Z"]
[Result "1/2-1/2"]
[WhiteElo "2425"]
[BlackElo "2234"]

1.d4 Nf6 2.c4 g6 3.Nc3 Bg7 4.e4 d6 5.Be2 O-O 6.Nf3 e5 7.Be3 Nc6 8.d5 Ne7
9.b4 Nh5 10.Nd2 Nf4 11.O-O f5 12.f3 Nxe2+ 13.Qxe2 f4 14.Bf2 g5 15.c5 Bd7
16.Nc4 Rf6 17.Rac1 Rh6 18.Na5 Qe8 19.g4 fxg3 20.Bxg3 b6 21.Nb3 Qh5 22.Nd1 g4
23.Ne3 gxf3 24.Qxf3 Qg5 25.cxd6 Rf8 26.Qe2 cxd6 27.Rxf8+ Bxf8 28.Rc7 Bb5
29.Qd2 Rf6 30.Nf5 Qh5 31.Nxe7+ Bxe7 32.Rxe7 Rf1+ 33.Kg2 Qf3+ 34.Kh3 Qh5+
35.Kg2 Qf3+ 36.Kh3 Qh5+ 37.Kg2 Qf3+ 38.Kh3 Qh5+ 39.Kg2 Qf3+  1/2-1/2

[Event "1st WMSG Blitz Pair"]
[Site "Beijing CHN"]
[Date "2008.10.08"]
[Round "10"]
[White "Sachdev,T"]
[Black "Dembo,Y"]
[Result "0-1"]
[WhiteElo "2425"]
[BlackElo "2446"]

1.d4 Nf6 2.c4 g6 3.Nc3 Bg7 4.e4 d6 5.Be2 O-O 6.Nf3 e5 7.Be3 Ng4 8.Bg5 f6
9.Bh4 g5 10.Bg3 Nh6 11.d5 Nd7 12.Nd2 f5 13.exf5 Nf6 14.Nde4 Nxe4 15.Nxe4 Bxf5
16.Bd3 c6 17.O-O cxd5 18.cxd5 Qe7 19.Qb3 Nf7 20.Rac1 h5 21.f3 Bh6 22.Rc2 Rac8
23.Nf2 Rxc2 24.Qxc2 Bxd3 25.Nxd3 h4 26.Bf2 e4 27.fxe4 Qxe4 28.Qb3 h3 29.gxh3 g4
30.hxg4 Ng5 31.Ne1 Rf3 32.Qc2 Nh3+ 33.Kh1 Qxc2 34.Nxc2 Rxf2 35.Rxf2 Nxf2+
36.Kg2 Nxg4 37.Kf3 Nf6 38.Nd4 Nxd5 39.Nf5 Bf8 40.Ke4 Nf6+ 41.Kd4 Kf7 42.h4 Ke6
43.Ne3 Bh6 44.Nc4 b6 45.Na3 a6 46.Nc4 Nd7 47.b3 d5 48.Na3 Bg7+ 49.Kd3 Nc5+
50.Ke3 d4+ 51.Ke2 b5 52.Nb1 Ne4 53.Kd3 Kd5 54.Na3 Nc5+ 55.Kd2 Bh6+ 56.Kd1 d3
57.Nb1 Kd4 58.h5 Ne4 59.a4 bxa4 60.bxa4 Nc3+ 61.Nxc3 Kxc3 62.a5 Bg5  0-1

[Event "Chigorin Memorial"]
[Site "St Petersburg RUS"]
[Date "2008.10.08"]
[Round "6"]
[White "Pankov,Ger"]
[Black "Bronnikova,E"]
[Result "1-0"]
[WhiteElo "2375"]
[BlackElo "2293"]

1.d4 d6 2.Nf3 g6 3.c4 Nf6 4.Nc3 Bg7 5.e4 O-O 6.Be2 e5 7.Be3 Na6 8.O-O Ng4
9.Bg5 Qe8 10.dxe5 dxe5 11.h3 f6 12.Bd2 Nh6 13.Qc1 Nf7 14.c5 c6 15.Nd1 Nc7
16.Re1 f5 17.Bc4 Be6 18.Ba5 Rc8 19.Qc2 Bxc4 20.Qxc4 Qe6 21.Ne3 fxe4 22.Qxe4 Nd5
23.Ng4 Rce8 24.Bd2 Qf5 25.Re2 h5 26.Ngh2 Nf6 27.Qxf5 gxf5 28.Nh4 Ne4 29.Nxf5 Nxd2
30.Rxd2 Ng5 31.Nd6 Re7 32.Re1 Ne6 33.b4 a5 34.a3 axb4 35.axb4 Nf4 36.Nf1 Nd5
37.b5 Bh6 38.Rd3 Rf4 39.Ng3 Nb4 40.Rc3 cxb5 41.Ngf5 Re6 42.Nxh6+ Rxh6 43.Rxe5 Na2
44.Rg3+  1-0

[Event "Chigorin Memorial"]
[Site "St Petersburg RUS"]
[Date "2008.10.08"]
[Round "6"]
[White "Duzhakov,I"]
[Black "Levin,Ev"]
[Result "0-1"]
[WhiteElo "2276"]
[BlackElo "2487"]

1.d4 Nf6 2.c4 g6 3.Nc3 Bg7 4.e4 d6 5.Be2 O-O 6.Nf3 e5 7.O-O Nbd7 8.Be3 Re8
9.d5 Nh5 10.Re1 Bf8 11.Nd2 Ng7 12.b4 Be7 13.Nb5 f5 14.f3 a6 15.Nc3 Nh5 16.Bf2 f4
17.Nf1 Bh4 18.g3 Qg5 19.Qc1 Ndf6 20.Kg2 Rf8 21.Bd1 Bd7 22.a3 Rf7 23.Kh1 Bh3
24.Ra2 Raf8 25.g4 Bxf2 26.Rxf2 Qh4 27.Kg1 Ng7 28.Qd2 h5 29.gxh5 Ngxh5 30.Ne2 g5
31.Nc3 Rg7  0-1

[Event "8th YM"]
[Site "Winterthur SUI"]
[Date "2008.10.09"]
[Round "7"]
[White "Wirig,A"]
[Black "Lehmann,Mar"]
[Result "1-0"]
[WhiteElo "2458"]
[BlackElo "2301"]

1.d4 Nf6 2.c4 g6 3.Nc3 Bg7 4.e4 d6 5.Nf3 O-O 6.Be2 e5 7.O-O Nbd7 8.Qc2 exd4
9.Nxd4 Re8 10.Rd1 Nc5 11.f3 a5 12.Bg5 c6 13.Kh1 h6 14.Bh4 a4 15.Rab1 Qe7
16.b4 axb3 17.axb3 Ne6 18.b4 Bd7 19.Nb3 Nf4 20.Bf1 Rad8 21.Nd4 Qe5 22.Nce2 N4h5
23.Be1 d5 24.exd5 cxd5 25.c5 Nf4 26.Nxf4 Qxf4 27.Qd2 Nh5 28.Qxf4 Nxf4 29.Bf2 Ra8
30.Rd2 Rec8 31.Nb5 Ra4 32.Nd6 Rc7 33.Bd4 Be6 34.Bxg7  1-0

[Event "1st WMSG Rapid Pair"]
[Site "Beijing CHN"]
[Date "2008.10.10"]
[Round "4"]
[White "Kojima,S"]
[Black "Erdogdu,M"]
[Result "0-1"]
[WhiteElo "2272"]
[BlackElo "2449"]

1.Nf3 Nf6 2.c4 g6 3.Nc3 Bg7 4.e4 d6 5.d4 O-O 6.Be2 e5 7.Be3 Ng4 8.Bg5 f6
9.Bh4 Nc6 10.d5 Ne7 11.Nd2 Nh6 12.f3 c5 13.dxc6 bxc6 14.b4 Be6 15.Nb3 d5
16.O-O d4 17.Na4 g5 18.Nac5 Bc8 19.Bf2 Ng6 20.b5 Qc7 21.a4 Nf4 22.Nd3 f5
23.Nxf4 gxf4 24.c5 fxe4 25.fxe4 Be6 26.Rc1 Kh8 27.Kh1 Rf6 28.Nd2 Rg8 29.Rg1 Rg6
30.Qc2 Bf6 31.b6 Qg7 32.Bf3 Ng4 33.Nb1 Nxh2  0-1

[Event "Chigorin Memorial"]
[Site "St Petersburg RUS"]
[Date "2008.10.10"]
[Round "8"]
[White "Gladyszev,O"]
[Black "Fedoseev,Vl3"]
[Result "1/2-1/2"]
[WhiteElo "2448"]
[BlackElo "2312"]

1.d4 Nf6 2.c4 g6 3.Nc3 Bg7 4.e4 O-O 5.Nf3 d6 6.Be2 e5 7.Be3 exd4 8.Nxd4 Re8
9.f3 c6 10.Bf2 d5 11.exd5 cxd5 12.O-O Nc6 13.c5 Nh5 14.Qd2 Be5 15.g3 Ng7
16.Rfd1 Be6 17.Nxe6 Nxe6 18.f4 Bd4 19.Bf3 Bxc5 20.Bxc5 Nxc5 21.Bxd5 Qb6 22.Qf2 Nb4
23.Bc4 Rac8 24.Nd5 Nxd5 25.Bxd5 Qb5 26.Qd4 Ne6 27.Qf2 Nc5 28.Qd4 Ne6 29.Qf2 Rc5
30.Bb3 Qc6 31.Re1 b6 32.Rad1 a5 33.Qg2 Qc8 34.Qd2 Nf8 35.Rxe8 Qxe8 36.Re1 Qc6
37.Qd4 Rc1 38.Rxc1 Qxc1+ 39.Kg2 Qc7 40.Qe4 b5 41.a4 b4 42.Bc4 Qd6 43.b3 Kg7
44.Qd5 Qc7 45.Qd4+ Kg8 46.Qf6 Qd7 47.Qe5 Qd2+ 48.Kh3 Qd7+ 49.Kg2 Qd2+ 50.Kh3 Qd7+
51.Kg2 Qd2+  1/2-1/2

[Event "Chigorin Memorial"]
[Site "St Petersburg RUS"]
[Date "2008.10.10"]
[Round "8"]
[White "Slugin,S"]
[Black "Demchenko,A"]
[Result "0-1"]
[WhiteElo "2431"]
[BlackElo "2510"]

1.d4 Nf6 2.c4 g6 3.Nc3 Bg7 4.e4 O-O 5.Nf3 d6 6.Be2 e5 7.Be3 Ng4 8.Bg5 f6
9.Bh4 g5 10.Bg3 Nh6 11.dxe5 dxe5 12.Qd5+ Kh8 13.Qxd8 Rxd8 14.Nd2 Na6 15.O-O-O Be6
16.Nb3 Nf7 17.Rxd8+ Rxd8 18.Rd1 Nd6 19.Nd2 g4 20.Bh4 Rf8 21.Nd5 f5 22.Be7 Rf7
23.Bxd6 cxd6 24.exf5 Bxf5 25.Ne3 Bg6 26.Nxg4 h5 27.Ne3 Rxf2 28.Re1 Bh6 29.Nd1 Rxg2
30.Nc3 Nb4 31.Rf1 Nxa2+  0-1

[Event "Chigorin Memorial"]
[Site "St Petersburg RUS"]
[Date "2008.10.10"]
[Round "8"]
[White "Goganov,A"]
[Black "Kislinsky,A"]
[Result "1-0"]
[WhiteElo "2356"]
[BlackElo "2492"]

1.d4 Nf6 2.c4 g6 3.Nc3 Bg7 4.e4 d6 5.Nf3 O-O 6.Be2 e5 7.O-O exd4 8.Nxd4 Re8
9.f3 Nh5 10.Be3 f5 11.Qd2 f4 12.Bf2 Be5 13.Rfd1 Qf6 14.Rab1 g5 15.Qc2 c6
16.b4 Na6 17.a3 Nc7 18.Rbc1 Ng7 19.Nb3 h5 20.h3 Nce6 21.c5 dxc5 22.bxc5 Kh8
23.Rd3 h4 24.Nb1 Nh5 25.N1d2 Qg6 26.Nc4 Bf6 27.e5 Be7 28.Rd8 Qg8 29.Rxe8 Qxe8
30.Nd6 Bxd6 31.exd6 Neg7 32.Nd4 Qf7 33.Bc4 Qf6 34.Re1 Bd7 35.Re7 Rd8 36.Qe4 Ng3
37.Bxg3 fxg3 38.Rf7 Qh6 39.Qe7 g4 40.Rf8+ Rxf8 41.Qxf8+ Kh7 42.Bg8+  1-0

[Event "XV PRO AM Open"]
[Site "Villa Martelli ARG"]
[Date "2008.10.10"]
[Round "1"]
[White "Flores,Di"]
[Black "Perez,Max"]
[Result "1-0"]
[WhiteElo "2569"]
[BlackElo "2140"]

1.c4 Nf6 2.Nc3 g6 3.e4 d6 4.d4 Bg7 5.Nf3 O-O 6.Be2 e5 7.d5 a5 8.Bg5 h6 9.Bh4 Na6
10.Nd2 Qe8 11.a3 Bd7 12.b3 Nh7 13.Rb1 f5 14.f3 Nc5 15.Qc2 Nf6 16.b4 axb4
17.axb4 Na4 18.Nb5 Bxb5 19.cxb5 Qd7 20.O-O Nh5 21.Rfc1 Nf4 22.Bf1 Rfc8 23.Ra1 Nb6
24.Rxa8 Nxa8 25.Bf2 Rf8 26.Ra1 fxe4 27.Nxe4 Kh7 28.Ra7 Rb8 29.Nc3 Nb6 30.Qe4 Nc8
31.Ra3 Ne7 32.h4 Qc8 33.Kh2 Qg8 34.Bc4 Qf7 35.g3 Nh5 36.Kg2 Nf5 37.Ne2 Nf6
38.Qc2 Ne7 39.Rd3 Rf8 40.Nc3 Nf5 41.Bb3 Nh5 42.Ne4 Nd4 43.Bxd4 exd4 44.b6 cxb6
45.Nxd6 Qe7 46.Ne4 Be5 47.d6 Bxd6 48.Rxd4 Be5 49.Rd5 Nf6 50.Nxf6+ Bxf6 51.h5 Qg7
52.Rd7 Be7  1-0

[Event "XV PRO AM Open"]
[Site "Villa Martelli ARG"]
[Date "2008.10.11"]
[Round "2"]
[White "Mareco,S"]
[Black "Zuriel,M"]
[Result "1-0"]
[WhiteElo "2481"]
[BlackElo "2189"]

1.d4 Nf6 2.c4 g6 3.Nc3 Bg7 4.e4 d6 5.Be2 O-O 6.Nf3 e5 7.Be3 h6 8.O-O Ng4
9.Bc1 Nc6 10.d5 Ne7 11.Ne1 f5 12.Bxg4 fxg4 13.Be3 g5 14.c5 Ng6 15.b4 Rf7
16.a4 Nf4 17.a5 h5 18.cxd6 cxd6 19.Nb5 a6 20.Na3 Bf8 21.Nd3 Bd7 22.Nb2 h4
23.Nbc4 Rh7 24.Nb6 g3 25.fxg3 hxg3 26.hxg3 Nh5 27.Qf3 Be7 28.Bd2 Rb8 29.Rac1 g4
30.Qd3 Bf6 31.Rc3 Be8 32.Rfc1 Ng7 33.b5 Bg5 34.bxa6 bxa6 35.Rc8 Rxc8 36.Rxc8 Qf6
37.Nac4 Bxd2 38.Qxd2 Rh8 39.Na8 Kh7 40.Nc7 Qg6 41.Qe3 Bd7 42.Rxh8+ Kxh8 43.Nb6 Be8
44.Nxa6 Qf7 45.Qh6+ Kg8 46.Qxd6 Bb5 47.Nc7 Qf1+ 48.Kh2 Be2 49.Ne6 Qf6 50.Qb8+ Kh7
51.Nf8+ Kh6 52.Nbd7 Qg5 53.Qd6+  1-0

[Event "XV PRO AM Open"]
[Site "Villa Martelli ARG"]
[Date "2008.10.11"]
[Round "2"]
[White "Perez,Max"]
[Black "Abate,T"]
[Result "1-0"]
[WhiteElo "2140"]
[BlackElo "1618"]

1.d4 Nf6 2.c4 g6 3.Nc3 Bg7 4.e4 d6 5.Nf3 O-O 6.Be2 e5 7.dxe5 dxe5 8.Qxd8 Rxd8
9.Bg5 Re8 10.O-O-O c6 11.Nxe5 Nxe4 12.Nxe4 Bxe5 13.Rhe1 Bd7 14.Nf6+ Bxf6
15.Bxf6 Be6 16.b3 Nd7 17.Bd4 h6 18.g4 a6 19.f4 f6 20.Bf3 Bf7 21.Rxe8+ Rxe8
22.Bb2 Be6 23.h3 f5 24.g5 h5 25.Bd4 Kf7 26.Bf2 Kg8 27.Kc2 Nf8 28.Bd4 Bc8
29.h4 Ne6 30.Be5 Kf7 31.Kc3 Rd8 32.Bd6 Ng7 33.Kb4 Ne8 34.Be5 Rxd1 35.Bxd1 Ke7
36.c5 Kd8 37.Be2 Be6 38.Ka5 Kc8 39.Kb6 Bd5 40.Bc4 a5 41.a4 Kd7 42.Kxb7 Kd8
43.Bxd5 cxd5 44.c6 Nd6+ 45.Bxd6  1-0

[Event "1st WMSG Blitz Team w"]
[Site "Beijing CHN"]
[Date "2008.10.13"]
[Round "2"]
[White "Prismontaite,R"]
[Black "Acevedo Garcia,H"]
[Result "1-0"]
[WhiteElo "2011"]
[BlackElo "2070"]

1.d4 Nf6 2.c4 g6 3.Nc3 Bg7 4.e4 d6 5.Nf3 O-O 6.Be2 e5 7.d5 Nbd7 8.O-O Nh5
9.Re1 a5 10.Be3 b6 11.Nd2 Nf4 12.Bf1 Nc5 13.Qc2 f5 14.f3 Bd7 15.Rad1 g5 16.g3 Ng6
17.exf5 Bxf5 18.Nce4 Nxe4 19.Nxe4 h6 20.Bd3 Qd7 21.Kf2 g4 22.f4 Bxe4 23.Bxe4 exf4
24.Bxg6 fxe3+ 25.Kg1 Rf2 26.Qe4 Re8 27.Bxe8 Qd8 28.Qe6+ Kh8 29.Rxe3 Rxb2
30.Bg6 Be5 31.Qf7 Qg8 32.Qxg8+ Kxg8 33.Rf1 Kg7 34.Rd3 Kxg6 35.a3 Rc2 36.Rfd1 Rxc4
37.Kf2 c5 38.dxc6 Rxc6 39.Ke3 b5 40.Ke4 Rc4+ 41.Kd5 Rc2 42.R1d2 Rc1 43.Ke6 Rf1
44.Rb3 Rf6+ 45.Kd5 Rf5 46.Kc6 b4 47.Rxb4 Bc3 48.Rxd6+ Kg5 49.Re4 Rf6 50.Kd5 Rxd6+
51.Kxd6 h5 52.Ke6 h4 53.Rc4 Bg7 54.Rc5+ Kh6 55.gxh4 Bd4 56.Rf5 Bg1 57.Rf6+ Kh5
58.Rf8 Kxh4 59.Rh8+ Kg5 60.Ke5 Bf2 61.Rg8+ Kh5 62.Rf8 Bg1 63.Rh8+ Kg5 64.Rg8+ Kh5
65.Kf5 Bf2 66.Rh8+  1-0

[Event "1st WMSG Blitz Team w"]
[Site "Beijing CHN"]
[Date "2008.10.13"]
[Round "3"]
[White "Peng Zhaoqin"]
[Black "Tsiganova,M"]
[Result "1/2-1/2"]
[WhiteElo "2455"]
[BlackElo "2208"]

1.d4 Nf6 2.c4 g6 3.Nc3 Bg7 4.e4 d6 5.Be2 O-O 6.Nf3 Nbd7 7.O-O e5 8.Rb1 exd4
9.Nxd4 Nc5 10.Bf3 a5 11.Re1 Re8 12.Ndb5 Be6 13.b3 Qd7 14.Be3 Rad8 15.e5 Ng4
16.Bxc5 dxc5 17.Qxd7 Bxd7 18.Nxc7 Rxe5 19.N3d5 Rxe1+ 20.Rxe1 Ne5 21.Be4 Kf8
22.Bc2 Bc6 23.f3 Rd7 24.Kf2 h5 25.Rd1 Kg8 26.a4 Kh7 27.Nb5 f5 28.h4 Nf7 29.g3 Nd6
30.Nxd6 Rxd6 31.Nb6 Rxd1 32.Bxd1 Bd4+ 33.Ke2 Kg7 34.Bc2 Kf6 35.g4 Bd5 36.cxd5 fxg4
37.Bf5 g3 38.Be6 Ke5  1/2-1/2

[Event "1st WMSG Blitz Team"]
[Site "Beijing CHN"]
[Date "2008.10.13"]
[Round "4"]
[White "Amir,K"]
[Black "Iwasaki,Y"]
[Result "1-0"]
[WhiteElo "2265"]
[BlackElo "2110"]

1.d4 Nf6 2.c4 g6 3.Nc3 Bg7 4.Nf3 d6 5.e4 O-O 6.Be2 e5 7.Be3 Ng4 8.Bg5 f6
9.Bc1 Nc6 10.h3 Nh6 11.Be3 f5 12.dxe5 dxe5 13.Qxd8 Rxd8 14.Nd5 fxe4 15.Ng5 Nf5
16.Nxe4 Ncd4 17.Bg5 Rxd5 18.cxd5 Nc2+ 19.Kd2 Nxa1 20.Rxa1 Nd4 21.Rc1 Bf5
22.Bd3 Rc8 23.g4 Bxe4 24.Bxe4 Bf8 25.h4 Bd6 26.h5 gxh5 27.gxh5 Rf8 28.Ke3 Nf5+
29.Ke2 Nd4+ 30.Ke3 Nf5+ 31.Kd3 Nd4 32.Rg1 Kh8 33.Be3 Nf5 34.Bd2 Nd4 35.Bh6 Rf7
36.Be3 Nf5 37.Bxf5 Rxf5 38.Ke4 Rxh5 39.Bg5 Kg7 40.Rg2 Kf7 41.f3 Rh1 42.a3 Re1+
43.Kf5 Rc1 44.Bxc1 a6 45.Bh6 Ke8 46.Rg7 b5 47.Ke6 Kd8 48.Rg8+  1-0

[Event "1st WMSG Blitz Team w"]
[Site "Beijing CHN"]
[Date "2008.10.13"]
[Round "5"]
[White "Mohota,N"]
[Black "Huang Qian"]
[Result "0-1"]
[WhiteElo "2311"]
[BlackElo "2430"]

1.d4 Nf6 2.c4 g6 3.Nc3 Bg7 4.e4 d6 5.Nf3 O-O 6.Be2 e5 7.Be3 Ng4 8.Bg5 f6
9.Bh4 Nc6 10.d5 Ne7 11.Nd2 Nh6 12.O-O c5 13.f3 g5 14.Bf2 f5 15.exf5 Nhxf5
16.Nde4 Ng6 17.Re1 a6 18.a3 Nd4 19.Bf1 h5 20.b4 b6 21.bxc5 bxc5 22.Rb1 g4
23.fxg4 Bxg4 24.Qd2 h4 25.Qg5 Qxg5 26.Nxg5 h3 27.gxh3 Bf5 28.Rb7 Bh6 29.Bxd4 Bxg5
30.Bf2 Nf4 31.Re3 Rf7 32.Rxf7 Kxf7 33.Rf3 Rb8 34.h4 Bh6 35.Bg3 Ke7 36.Ne2 Bg4
37.Rf2 Nd3 38.Rg2 Rb1 39.Nc3 Rc1 40.Ne4 Be3+ 41.Nf2 Bh3 42.h5 Bxg2 43.Kxg2 Nxf2
44.Bxf2 Bxf2 45.Kxf2 Kf6 46.Be2 Kg5 47.Kg3 Rc3+ 48.Kf2 Rxa3 49.Kg2 Rc3 50.Kf2 a5
51.Ke1 a4 52.Kd2 Rb3 53.Kc2 Rh3 54.Kd2 Rxh2 55.Kd3 Rxe2 56.Kxe2 a3 57.Kd2 a2
58.Kc2 a1=Q 59.Kd3 Qd4+ 60.Ke2 Qxc4+ 61.Ke3 Qxd5 62.h6 Kxh6 63.Ke2 c4 64.Ke3 c3
65.Ke2 c2  0-1